Handzeichnungen alter Meister des XVI bis XVIII Jahrhunderts aus den Beständen der Eremitage in Leningrad und anderer staatlicher sammlungen der Sowjet-Union. (Record no. 5728)

MARC details
000 -CABECERA
campo de control de longitud fija 00895nam a2200241 a 4500
001 - NÚMERO DE CONTROL
campo de control BRCA_6040
005 - FECHA Y HORA DE LA ÚLTIMA TRANSACCIÓN
campo de control 20190321142927.0
008 - DATOS DE LONGITUD FIJA--INFORMACIÓN GENERAL
campo de control de longitud fija 120511s1931----gw-a######---#000-0#ger-#
041 ## - CÓDIGO DE LENGUA
Código de lengua del texto/banda sonora o título independiente ger
044 ## - CÓDIGO DEL PAÍS DE LA ENTIDAD EDITORA/PRODUCTORA
Código MARC del país gw
050 #4 - SIGNATURA TOPOGRÁFICA DE LA BIBLIOTECA DEL CONGRESO
Número de documento/Ítem .H36 1931
245 10 - MENCIÓN DE TÍTULO
Título Handzeichnungen alter Meister des XVI bis XVIII Jahrhunderts aus den Beständen der Eremitage in Leningrad und anderer staatlicher sammlungen der Sowjet-Union.
260 ## - PUBLICACIÓN, DISTRIBUCIÓN, ETC.
Lugar de publicación, distribución, etc. Leipzig
Nombre del editor, distribuidor, etc. C. G. Boerner
Fecha de publicación, distribución, etc. 1931
300 ## - DESCRIPCIÓN FÍSICA
Extensión 51 p.
Otras características físicas il., 25 láminas
Dimensiones 30 cm.
Material acompañante/anejo suplemento, 3 p.
500 ## - NOTA GENERAL
Nota general Catálogo de la subasta No. 171
500 ## - NOTA GENERAL
Nota general Estado físico: algunas láminas sueltas
500 ## - NOTA GENERAL
Nota general Catálogo de subasta inventariado por Banco de México como libro
500 ## - NOTA GENERAL
Nota general CA5
610 24 - PUNTO DE ACCESO ADICIONAL DE MATERIA--NOMBRE DE ENTIDAD CORPORATIVA
Nombre de entidad corporativa o nombre de jurisdicción como elemento de entrada Museo del Ermitage (Rusia)
Subdivisión de forma Catálogos
Subdivisión general Dibujos
9 (RLIN) 15237
650 14 - PUNTO DE ACCESO ADICIONAL DE MATERIA--TÉRMINO DE MATERIA
Término de materia o nombre geográfico como elemento de entrada Colecciones privadas
Subdivisión de forma Catálogos
Subdivisión general Dibujos
9 (RLIN) 15238
902 ## - CATALOGADOR
Iniciales GFM
942 ## - ELEMENTOS DE PUNTO DE ACCESO ADICIONAL (KOHA)
Fuente del sistema de clasificación o colocación Library of Congress Classification
Tipo de ítem Koha Libros
Holdings
Estado de retiro Estado de pérdida Estado dañado No para préstamo Localización permanente Ubicación/localización actual Fecha de adquisición Número de inventario Total de préstamos Signatura topográfica completa Código de barras Fecha visto por última vez Precio válido a partir de Tipo de ítem Koha
El ejemplar forma parte de la colección y puede ser consultado según las políticas vigentes.       Biblioteca del Museo Franz Mayer (Rogerio Casas-Alatriste) Biblioteca del Museo Franz Mayer (Rogerio Casas-Alatriste) 12/05/2011 CA5   .H36 1931 (CA5) 6479 22/03/2019 22/03/2019 Libros